logo

Bir Sreshtho Munshi Abdur Rouf Library
Jhenaidah Cadet College

Making Number Discoveries / (Record no. 5625)

MARC details
000 -LEADER
fixed length control field 00684nam a2200241 a 4500
001 - CONTROL NUMBER
JCCL Control Number 5625
003 - CONTROL NUMBER IDENTIFIER
JCCL marc code BD-JhCC
005 - DATE AND TIME OF LATEST TRANSACTION
control field 20171219110306.0
008 - FIXED-LENGTH DATA ELEMENTS--GENERAL INFORMATION
fixed length control field 171219s1960 as a|||| ||a| 00| 0 eng d
035 ## - SYSTEM CONTROL NUMBER
system control number (BD-JhCC)5625
040 ## - CATALOGING SOURCE
Original cataloging agency BD-JhCC
Modifying agency BD-JhCC
041 ## - LANGUAGE CODE
Language code of Book eng
082 ## - DEWEY DECIMAL CLASSIFICATION NUMBER
Classification number 372.7
Author mark and Year BRU 1960
100 ## - MAIN ENTRY--PERSONAL NAME
Personal name Brueckner, Leo J.
245 ## - TITLE STATEMENT
Title Making Number Discoveries /
Statement of responsibility, etc Leo J. Brueckner, Elda L. Mertton and Foster E. Grossnickle
260 ## - PUBLICATION, DISTRIBUTION, ETC. (IMPRINT)
Place of publication, distribution, etc New York :
Name of publisher, distributor, etc Hjolt, Rinnehart and Winston, Inc,
Date of publication, distribution, etc 1960.
300 ## - PHYSICAL DESCRIPTION
Pagination 378 p. :
Other physical details ills;
Dimensions 25 cm.
650 ## - SUBJECT ADDED ENTRY--TOPICAL TERM
Topical term or geographic name as entry element Arithmetic
700 ## - ADDED ENTRY--PERSONAL NAME
Personal name Mertton, Elda L.
700 ## - ADDED ENTRY--PERSONAL NAME
Personal name Grossnickle, Foster E.
942 ## - ADDED ENTRY ELEMENTS (KOHA)
Source of classification or shelving scheme Dewey Decimal Classification
Koha item type Books
Holdings
Source of classification or shelving scheme Damaged status Not for loan Home library Current library Shelving location Total Checkouts Full call number Barcode Date last seen Copy number Koha item type
Dewey Decimal Classification     JCC Rouf Library JCC Rouf Library General Stacks   372.7 BRU 1960 7798 12/19/2017 C - 1 Books

JCC Library | Contacts | JCC Home

Last Update on 23 September 2017
Copyright @ 2017-2020 JCC Rouf Library
Rouf Library, Jhenidah Cadet College (JCC), Bangladesh